| 000 | 01205naa a22003737a 4500 | ||
|---|---|---|---|
| 001 | BR7802713 | ||
| 003 | BR-BrBNA | ||
| 005 | 20240918180838.0 | ||
| 007 | ta | ||
| 008 | 230509b bl.||||| |||| 00| 0 por d | ||
| 040 |
_aBR-BrBNA _bpor _cBiblioteca Nacional de Agricultura |
||
| 041 | _a(Pt) | ||
| 072 |
_aF08 _b0180 _b0110 _b0336 _b0120 _b0170 |
||
| 090 | _aF08 BR7802713 | ||
| 100 | 1 | _aPereira, L.R. | |
| 100 | 1 | _aBougle, B.R. | |
| 100 | 1 | _aPortella, J.A. | |
| 111 | 1 |
_a9. Reuniao Anual Conjunta de Pesquisa de Trigo _cLondrina, PR (Brazil) _d28 Mar 1977 |
|
| 245 | 1 | _aRotacao de cultivos - trigo e cevada 1976 | |
| 260 | 3 |
_aPasso Fundo, RS (Brasil): _c1977. |
|
| 500 | _a9. RACPET, v. 2. Solos e tecnicas culturais Passo Fundo, RS (Brasil): 1977. p. 61-71 (BR7802713-AM)F08 | ||
| 650 | _aPratica Cultural | ||
| 650 | _aRotacao de Cultura | ||
| 650 | _aRendimento | ||
| 650 | _aTrigo | ||
| 650 | _aCevada | ||
| 650 | _aSoja | ||
| 650 | _aMilho | ||
| 650 | _aSorgo | ||
| 650 | _aRio Grande do Sul | ||
| 773 | 0 |
_t9. RACPET, v. 2. Solos e tecnicas culturais _wF08 BR7802713 _gPasso Fundo, RS (Brasil), 1977. p. 61-71 |
|
| 909 |
_a202404 _bLucia _c55 _dLucia Elande |
||
| 942 |
_cAM _2AGRIS |
||
| 999 |
_c322274 _d322274 |
||